[Event "Dubai op 6th"]
[Site "Dubai"]
[Date "2004.04.27"]
[Round "8"]
[White "Ganguly, Surya Shekhar"]
[Black "Dizdar, Goran"]
[Result "0-1"]
[WhiteElo "2582"]
[BlackElo "2531"]
[Annotator "Finkel,A"]
[PlyCount "140"]
[EventDate "2004.04.19"]
[EventType "swiss"]
[EventRounds "9"]
[EventCountry "UAE"]
[SourceTitle "CBM 101"]
[Source "ChessBase"]
[SourceDate "2004.07.27"]
[SourceVersion "1"]
[SourceVersionDate "2004.07.27"]
[SourceQuality "1"]

1. e4 e6 2. d4 d5 3. Nc3 Nf6 4. Bg5 dxe4 5. Nxe4 Be7 6. Bxf6 Bxf6 7. Nf3 Nd7 8.
Qd2 (8. Bd3 O-O 9. Qe2 c5 10. Nxf6+ Nxf6 11. dxc5) 8... O-O 9. O-O-O b6 10. Bd3
Bb7 11. Qe2 Be7 12. h4 c5 (12... Nf6 13. Neg5 Bxf3 (13... c5 $2 14. Nxh7 Bxf3
15. Nxf6+ Bxf6 16. Qxf3 cxd4 17. Qe4 $16 {Velikhanli,F-Rozic,V/Bled 2002}) (
13... Qd6 14. Kb1 c5 15. dxc5 Qxc5 16. Ne5 Rac8 $2 17. Nd7 $1 Nxd7 18. Bxh7+
Kh8 19. Rxd7 $18 {Baklan,V-Gouliev,N/Metz 2003}) 14. Nxf3 Qd6 15. Ne5 c5 16.
dxc5 Qxc5 17. Kb1 Rad8 (17... Bd6 18. Nc4 Rfd8 19. g4 Bf8 20. Nd2 Qb4 21. Ne4
Nxe4 22. Bxe4 Rac8 23. h5 $14 {Van den Doel,E-Sakalauskas,V/Bled 2002}) 18. Bc4
Nd5 19. Bxd5 exd5 20. Nd3 Qc7 21. g3 Bf6 22. Rhe1 $14 {Sakaev,K-Kacheishvili,G/
Ubeda 2001}) 13. dxc5 (13. Neg5 h6 14. Nxe6 $2 Bxf3 15. gxf3 fxe6 16. Qxe6+ Kh8
17. Rhg1 Rf6 18. Qg4 Bf8 $19 {Horvath,A-Golubovic,B/Charleville 2000}) 13...
Qc7 14. Neg5 {Taking on b6 looks very dangerous, but may be it was the best
way to continue since conventional means promise nothing to white.} (14. cxb6
$5 axb6 15. Kb1 Nc5 (15... b5 $6 16. Bxb5 Nc5 17. Nxc5 Bxc5 18. a4 $14) 16.
Nxc5 bxc5 17. Ng5 $14) 14... h6 (14... Nf6 15. Nxh7 $2 Qf4+ 16. Kb1 Nxh7 17.
Bxh7+ Kxh7 18. Ng5+ Kg6 19. Rd7 Bxg2 20. Rg1 Bxg5 $19 {Wafzig,P-Pribe,V/
Germany 2002}) 15. Bh7+ ({Taking on e6 wouldn't be enough for the advantage:} 
15. Nxe6 $5 fxe6 16. Qxe6+ Rf7 17. Bg6 (17. Bh7+ Kxh7 18. Qxf7 (18. Rxd7 $2
Qf4+ $17) 18... Nxc5 19. Rhe1 (19. Ng5+ $4 Bxg5+ $19 {[%csl Rf7]}) 19... Bd6
20. Qxc7 Bxc7 $15) 17... Qf4+ 18. Kb1 Nxc5 19. Bxf7+ Qxf7 20. Qxf7+ Kxf7 21.
Ne5+ $13 {[%cal Gf2f3]}) 15... Kh8 16. Be4 Bxe4 (16... Nxc5 17. Bxb7 Qxb7 18.
Kb1 Kg8 $13) 17. Qxe4 (17. Nxe4 Nxc5 18. Nxc5 Bxc5 $11) 17... Nf6 18. Qe2 Qf4+
19. Kb1 Bxc5 20. g3 (20. Ne5 Kg8 21. Ngf3 Rfd8 22. Rxd8+ Rxd8 23. Rd1 Rxd1+ 24.
Qxd1 Nd5 $15) 20... Qf5 21. Ne5 Kg8 (21... hxg5 $2 22. hxg5+ Nh7 23. Qh5 $18 {
[%csl Rh7][%cal Gg3g4]}) 22. f4 (22. Ngf3 Ng4 23. Nxg4 Qxg4 24. Rd3 Rfd8 25.
Rhd1 Rxd3 26. Rxd3 Rc8 $11) 22... Rac8 23. Rd3 Nd5 24. Ne4 (24. a3 hxg5 $2 25.
hxg5 f6 26. gxf6 Nxf6 27. g4 $1 Nxg4 (27... Qxf4 28. Rh8+ Kxh8 29. Ng6+ $18)
28. Nxg4 $18) 24... Be7 25. a3 {[%csl Gb4]} Rc7 26. Rhd1 Rfc8 27. R1d2 $6 (27.
c4 $5 Nf6 (27... Rxc4 28. Nxc4 Rxc4 29. Rd4 Rc7 30. Ka2 $14) 28. Nc3 {[%csl
Rf5]} Nd7 29. g4 Qh7 30. Nxd7 Rxd7 31. f5 $1 Rxd3 32. Rxd3 $36) 27... b5 28.
Nf3 Nf6 29. Nxf6+ Bxf6 30. Ne5 $6 (30. Nd4 $5) 30... Bxe5 31. fxe5 Rc5 {
[%csl Rc2,Re5,Rg3]} 32. Re3 h5 $15 33. Re4 a6 (33... a5) 34. Qe1 Rc4 35. Rxc4
Rxc4 36. Re2 Rd4 $1 37. Qc3 Rd1+ 38. Ka2 Qf1 39. Re4 Ra1+ 40. Kb3 Qg2 $5 41.
Rd4 Rf1 42. Ka2 (42. Rd8+ Kh7 43. Qd3+ Rf5 44. Rd7 g6) 42... Rf3 43. Qc8+ Kh7
44. Qxa6 $13 Qxc2 45. Qxb5 Rxg3 46. Qc4 Qf5 47. Rf4 Qxe5 48. Rxf7 Rg4 49. Qd3+
Kh6 50. Rf8 Rxh4 (50... Qd5+ 51. Qxd5 exd5 52. b4 Rxh4 53. b5 Re4 54. b6 Re2+
55. Kb3 Re6 56. Rb8 h4 57. Kb4 Kg5 $13) 51. Rh8+ Kg5 52. Qd8+ Qf6 53. Qd2+ Qf4
(53... Kg6) 54. Qd8+ Qf6 55. Qd2+ Qf4 56. Qd8+ Qf6 57. Qd3 $2 (57. Qd2+) 57...
Qd4 58. Qg3+ Rg4 59. Qh2 Qd5+ 60. Ka1 h4 $19 61. Rc8 Rg2 62. Qh1 h3 63. Qc1+
Qd2 64. Qc5+ Kg6 65. Qb6 Qd1+ 66. Ka2 Qd5+ 67. Ka1 Qd1+ 68. Ka2 Qd5+ 69. Ka1 h2
70. Rc1 Rg5 0-1

[Event "Hamburg m"]
[Site "Hamburg"]
[Date "1999.10.17"]
[Round "2"]
[White "Leko, Peter"]
[Black "Bunzmann, Dimitrij"]
[Result "1/2-1/2"]
[WhiteElo "2701"]
[BlackElo "2596"]
[Annotator "Finkel,A"]
[PlyCount "62"]
[EventDate "1999.10.16"]
[EventType "match"]
[EventRounds "6"]
[EventCountry "GER"]
[SourceTitle "CBM 074"]
[Source "ChessBase"]
[SourceDate "2000.02.01"]
[SourceVersion "1"]
[SourceVersionDate "2000.02.01"]
[SourceQuality "1"]

1. e4 e6 2. d4 d5 3. Nc3 Nf6 4. Bg5 dxe4 5. Nxe4 Be7 6. Bxf6 gxf6 7. Bc4 a6 $5
(7... b6 8. Nf3 Bb7 9. Qe2 Nd7 10. O-O-O c6 11. Nfd2 f5 12. Ng3 Qc7 13. Rhe1
Nf8 $132 {Meyer,B-Landenbergue,C/SWZ-chT9697}) (7... Nd7 8. Nf3 Nb6 9. Bb3 f5
10. Nc5 Bxc5 11. dxc5 Qxd1+ 12. Rxd1 Nd7 13. c6 Nc5 $15 {Kreiman,B-Volkov,S/
Open 1998}) (7... f5 8. Ng3 c5 9. d5 O-O 10. dxe6 Bxe6 11. Qe2 Bf6 12. Rd1 Qa5+
13. Kf1 Bxc4 {1/2-1/2 Vogt,L-Luther,T/Bad Lauterberg 1991}) (7... c6 8. Nf3 Nd7
9. Qe2 Qc7 10. Bb3 b6 11. O-O Bb7 12. c4 O-O-O 13. a4 f5 $36 {Minasian,
A-Kramnik,V/URS-chJ 1991}) 8. a4 Nd7 $5 (8... b6 9. Nf3 Bb7 10. Qe2 c6 11. O-O
Nd7 12. Rad1 Qc7 13. Rfe1 O-O 14. Qe3 $14 {Ehlvest,J-Kortschnoj,V/Skelleftea
WCup 1989}) 9. Nf3 c5 (9... Nb6 $5 10. Bd3 (10. Bb3 Bd7 11. Qe2 Bc6 12. c3 Bd5
13. Bc2 f5 $132) 10... Nd5 11. Qd2 Bd7 12. O-O Bc6 13. Rfe1 $14 {[%cal Gc2c4,
Gd4d5]}) 10. O-O (10. a5 $6 b5 11. axb6 Nxb6 12. Bb3 cxd4 13. Nxd4 Bb7 $36 {
[%cal Gf6f5,Ge7c5,Gd8f6]}) 10... Nb6 11. Be2 (11. Bb3 $2 c4 12. Ba2 Nxa4 13.
Qc1 f5 14. Ng3 c3 $15) 11... cxd4 12. Nxd4 (12. a5 $5 Nd5 (12... f5 $5 13. Ng3
Nd5 14. Nxd4 O-O 15. Bf3 $14) 13. Nxd4 (13. Qxd4 $6 e5 14. Qd2 Nf4 15. Bc4 Qxd2
$11) 13... f5 14. Ng3 Bf6 15. c3 $14 {[%cal Ge2f3,Gd1b3]}) 12... e5 13. Nb3 f5
14. Qxd8+ Kxd8 15. a5 $5 Nd7 (15... fxe4 $6 16. axb6 Be6 17. Rfd1+ Kc8 18. Ra4
$1 f5 19. Bc4 $16) 16. Ned2 $5 {[%cal Gd2b6,Gd2c4]} (16. Nc3 Nc5 17. Bc4 Be6
18. Rfd1+ Kc7 19. Nd5+ Bxd5 20. Rxd5 Nxb3 21. Bxb3 f6 $11) 16... Nc5 17. Nc4
Nxb3 18. cxb3 e4 19. Rfd1+ Ke8 (19... Kc7 $2 20. Nb6 Ra7 21. Nd5+ Kd6 22. Rac1
$16 {[%csl Ra7]}) 20. Nb6 Rb8 21. Rac1 Be6 22. Bc4 (22. Nd5 $5) 22... Bb4 23.
Bxe6 fxe6 24. Nd7 Rd8 25. Rc7 Rf8 $1 26. Rxb7 Bxa5 (26... Rf7 $6 27. Nf6+ Rxf6
28. Rxd8+ Kxd8 29. Rxb4 $14) 27. Rd6 Ke7 28. Rd4 (28. Rxa6 Rxd7 29. Rxd7+ Kxd7
30. Rxa5 Rc8 $11) 28... Ke8 29. Rd6 Ke7 30. Rd4 Ke8 31. Rd6 Ke7 1/2-1/2

[Event "SUI-ch"]
[Site "Leukerbad"]
[Date "2002.07.17"]
[Round "7"]
[White "Jenni, Florian"]
[Black "Zueger, Beat"]
[Result "0-1"]
[WhiteElo "2505"]
[BlackElo "2430"]
[Annotator "Finkel,A"]
[PlyCount "80"]
[EventDate "2002.07.11"]
[EventType "tourn"]
[EventRounds "9"]
[EventCountry "SUI"]
[EventCategory "9"]
[SourceTitle "CBM 091"]
[Source "ChessBase"]
[SourceDate "2002.11.12"]
[SourceVersion "1"]
[SourceVersionDate "2002.11.12"]
[SourceQuality "1"]

1. e4 {Atlas,V} e6 2. d4 d5 3. Nc3 Nf6 4. Bg5 dxe4 5. Nxe4 Be7 6. Bxf6 gxf6 7.
Nf3 b6 {This line is not very popular nowadays, mainly because of the fact
that black shows pretty reasonable results after 7...a6!?} (7... a6) 8. Bc4 Bb7
9. Qe2 c6 10. O-O-O Qc7 11. Rhe1 Nd7 12. g3 {Taking square f4 under control.} (
12. Nc3 $5 Nf8 $6 (12... O-O-O 13. d5 $5 cxd5 (13... exd5 14. Qxe7 dxc4 15.
Qxf7 b5 16. Nd4 $16 {[%cal Gd4e6]}) 14. Bxd5 Kb8 $13 (14... Bb4 $2 15. Bxb7+
Qxb7 16. Qc4+ Bc5 17. b4) 15. Nb5 Qc8 16. Bxb7 Qxb7 $13) 13. Ba6 Bxa6 (13...
Ng6 14. Bxb7 Qxb7 15. g3 O-O-O 16. h4 h5 17. Ne4 Rd7 18. a3 Rhd8 19. c3 Kb8 20.
Kc2 Qc7 21. a4 Rd5 22. Ned2 $14 {Tischbierek,R-Zysk,R/Vienna 1991}) 14. Qxa6
Ng6 15. Qc4 Qd7 16. g3 h5 17. h4 b5 18. Qd3 Kf8 19. Nd2 Rd8 20. Nb3 Kg7 21. Kb1
$14 {Ljubojevic,L-Gurevich,M/Amsterdam 1991}) (12. Ng3 O-O-O 13. Nh5 Kb8 14.
Kb1 b5 15. Bd3 Nb6 16. c4 bxc4 17. Bxc4 c5 $15 {Borriss,M-Knaak,R/Germany 1993}
) 12... O-O-O 13. Ba6 (13. Kb1 Kb8 14. Bb3 Rhg8 15. Nc3 Bf8 16. Nd2 f5 17. Nc4
Ba6 18. Qe3 Bg7 19. f4 c5 20. d5 $36 {Ovetchkin,R-Kostenko,P/Ekaterinburg 1997}
) 13... Bxa6 (13... f5 14. Ned2 Bf6 15. Bxb7+ Kxb7 16. Nc4 Bg7 17. Rd3 Nf6 18.
Rb3 Ne4 19. c3 c5 $13 {Gaponenko,I-Repkova Eid,E/Timisoara 1994}) 14. Qxa6+ Kb8
15. Qe2 h5 (15... Nf8 16. Kb1 Ng6 17. c4 f5 18. Nc3 Bf6 19. Rd2 Rd7 20. Red1
Rhd8 21. Qe3 h5 22. Ne2 Bg7 23. a3 h4 24. Ka2 hxg3 $11 {1/2-1/2 Gross,
D-Beckhuis,G/Austria 1999/EXT 2001 (24)}) 16. Kb1 (16. h4 Bf8 17. Kb1 Bg7 18.
c4 $14) 16... h4 17. c4 {White is getting ready for the break in the center.} (
17. gxh4 $6 Nf8 {[%csl Rh4][%cal Gf8g6]}) 17... hxg3 18. hxg3 Rhe8 19. a3 Nf8 (
19... f5 20. Nc3 Nf6 21. Ne5 Bd6 $11) 20. Nc3 f5 21. d5 Bf6 22. Nd4 Bxd4 (22...
cxd5 23. cxd5 Rc8 24. Nc6+ Kb7 25. Nb5 Qd7 26. Ncxa7 exd5 27. Nxc8 Rxe2 28.
Ncd6+ Kb8 29. Rxe2 $18) 23. Rxd4 Ng6 24. Rdd1 Re7 (24... cxd5 25. cxd5) 25.
dxc6 Rc8 26. Rd4 Qxc6 27. Red1 e5 $2 {[%csl Rd5] Weakening d5.} (27... Rb7 $5)
28. Rd8 Rec7 29. b3 Rxd8 30. Rxd8+ Rc8 31. Rd5 f6 32. Qd2 Ne7 33. Rd7 Qc5 34.
Kb2 {Not so bad was also} (34. Nb5 $5 Nc6 35. Qd6+ Qxd6 36. Nxd6 Rh8 37. Nxf5
$16 {with a pawn up in the endgame.}) 34... e4 35. Nb5 Nc6 36. Rd5 (36. Qd6+
Qxd6 37. Nxd6 Rh8 38. Nxf5 $16) 36... Qe7 37. Nd6 $6 Rd8 38. Nxf5 Qe5+ $1 {
[%cal Gd8d2]} 39. Kc2 {'?' Atlas,V.} (39. Kb1 $5 Qxf5 40. Rxd8+ Nxd8 41. Qxd8+
Kb7 42. g4 (42. Qd5+ Qxd5 43. cxd5 Kc7 44. Kc2 Kd6 $11) 42... Qf3 $11) ({
Definitely not the best choice. After} 39. Kb1 {Atlas,V}) 39... Rxd5 40. Qxd5
$4 {Painfull blunder.} (40. cxd5 Qxf5 41. g4 $1 (41. dxc6 {Atlas,V} e3+ 42. Qd3
) 41... Qd7 42. dxc6 Qxc6+ $11) 40... Qxf5 $1 {For some reason white resigned
even though it's ot so clear how black is supposed to win in the final
position.} (40... Qxf5 41. Qxc6 e3+ 42. Kc3 (42. Kc1 {Atlas,V} exf2 43. Qd6+
Kb7 44. Qe7+ Ka6) (42. Kb2 {Atlas,V} Qe5+ 43. Ka2 e2) 42... exf2 43. Qe8+ Kb7 (
43... Kc7 44. Qe7+ Kc6 45. Qe8+ Kd6 46. Qd8+ Kc6 (46... Ke5 $4 47. Qd5#) 47.
Qe8+) (43... Qc8 44. Qe2 Qf5 45. Qe8+ Kb7) 44. Qf7+ Ka6 45. b4 $1 b5 (45...
Qe5+ 46. Kb3 b5 47. cxb5+ Kb6 48. Qd7 $11) 46. cxb5+ Kb6 47. Qc4 $1 Qf3+ 48.
Kb2 f1=Q 49. Qc5+ Kb7 50. Qe7+ Kc8 51. Qe8+) 0-1

[Event "Capablanca Memorial Elite 32nd"]
[Site "Cienfuegos"]
[Date "1997.05.06"]
[Round "2"]
[White "Becerra Rivero, Julio"]
[Black "Borges Matos, Juan R"]
[Result "1/2-1/2"]
[WhiteElo "2510"]
[BlackElo "2500"]
[Annotator "Finkel,A"]
[PlyCount "54"]
[EventDate "1997.05.05"]
[EventType "tourn"]
[EventRounds "11"]
[EventCountry "CUB"]
[EventCategory "12"]
[SourceTitle "CBM 059"]
[Source "ChessBase"]
[SourceDate "1997.08.01"]
[SourceVersion "1"]
[SourceVersionDate "1997.08.01"]
[SourceQuality "1"]

1. e4 e6 2. d4 d5 3. Nc3 Nf6 4. Bg5 dxe4 5. Nxe4 Be7 6. Bxf6 gxf6 7. Bc4 b6 8.
Nf3 Bb7 9. Qe2 c6 10. O-O-O Qc7 11. Nfd2 {Probably the best way to fight for
the advantage.Let's see other possibilities:} (11. Bb3 $5 Na6 12. Kb1 O-O-O 13.
c4 Kb8 14. a3 Rhg8 15. g3 f5 16. Nc3 Bf6 $13 {Tringov,G-Gölz,W/Sofia 1962 (35)}
) (11. Rhe1 Nd7 12. Nc3 (12. Ng3 O-O-O 13. Nh5 Kb8 14. Kb1 b5 15. Bd3 Nb6 16.
c4 $5 (16. c3 $5 $14) 16... bxc4 17. Bxc4 c5 18. Ba6 Bxa6 19. Qxa6 c4 $13 {
Borriss,M-Knaak,R/BL 1993 (45)}) 12... Nf8 13. g3 (13. Ba6 $6 Ng6 14. g3 (14.
Bxb7 Qxb7 15. g3 O-O-O 16. a3 $6 Rd7 17. h4 h5 18. Ne4 Rhd8 $15 {Cabrera,
A-Paneque,P/Havana CUB 1996/0-1 (52)}) 14... O-O-O 15. Bxb7+ Kxb7 16. Rd3 f5
17. Red1 Bf6 18. Na4 Rd7 19. Rb3 Be7 $15 {Outerelo,M-Hoffman,A/Pontevedra 1992
(28)}) 13... Ng6 14. h4 h5 15. Bxe6 $6 (15. Bd3 $5 Nf8 16. Be4 O-O-O 17. d5 $1
$14) 15... fxe6 16. Qxe6 Qd7 17. Qxf6 Rg8 18. Qg5 O-O-O $15 {Mussanti,
D-Hoffman,A/Martinez 1993 (22)}) (11. Kb1 $5 Nd7 12. Rhe1 $5 (12. Nc3 Nf8 13.
Rhe1 Ng6 14. g3 O-O-O 15. a3 Kb8 16. h4 h5 17. Ng1 $6 b5 $1 18. Bd3 f5 19. d5
cxd5 20. Nxb5 Qb6 $15 {Karker,N-Sloth,J/corr EU-8ch (FS-73/258) 1973 (36)}) (
12. Bb3 Nf8 $6 (12... O-O-O 13. c4 $6 Rhe8 (13... Rhg8 $5) 14. Nc3 f5 15. Rhe1
Bf6 16. Rc1 Kb8 $11 {Kuzmin,G-Beckhuis,G/Gausdal Troll 1992 (38)}) 13. d5 $5
O-O-O (13... cxd5 14. Bxd5 $1 Bxd5 15. Rxd5 exd5 16. Nxf6+ Kd8 17. Nxd5 $40)
14. dxe6 fxe6 15. Rxd8+ Bxd8 16. Rd1 Be7 17. Nd4 $14 {Brendel,O-Weischede,T/
Vienna op 1991 (40)}) 12... Rg8 (12... O-O-O 13. Bb3 Rhe8 (13... f5 14. Neg5
Bxg5 15. Nxg5 Nf8 16. Qe5 Qxe5 17. dxe5 Rxd1+ 18. Rxd1 $14 {Roth,P-Grillitsch,
K/Lenk op 1991 (25)}) 14. a3 Nf8 15. c4 f5 16. Nc3 Bf6 17. Qe3 Re7 $13 {
Nordholz,T-Krause,U/BL2-N 1991/1/2-1/2 (60)}) 13. Ng3 Nf8 14. Ba6 Ng6 15. Bxb7
Qxb7 16. c4 O-O-O 17. Qc2 Kb8 18. Ne4 $5 Rd7 19. Nc3 Rgd8 $11 {
Unzicker-Gurewitsch/BL 1991 (32)}) (11. g3 $5 Nd7 12. Rhe1 O-O-O 13. Ba6 (13.
Kb1 $5 Kb8 14. Bb3 Rhe8 15. a3 h6 16. c4 f5 17. Nc3 Bf6 18. Bc2 a6 19. Qe3 $13
{Hebden,M-Cebalo,M/EU-chT Plovdiv 1983 (40)}) 13... Bxa6 14. Qxa6+ Kb8 15. Qe2
f5 16. Ned2 h5 17. Nc4 h4 $15 {Pfrommer,C-Luther,T/Badenweiler op 1990 (33)})
11... Nd7 (11... f5 $5 12. Ng3 Qd6 (12... Nd7 13. Rhe1 Nf8 14. Nf3 b5 15. Bb3
Ng6 16. Ne5 $14 {Spassky,B-Hoffman,A/Salamanca 1991 (21)}) 13. Qh5 O-O 14. Qh6
$1 Kh8 15. Nf3 Nd7 16. h4 $1 Rg8 17. Ng5 Bxg5+ 18. hxg5 $16 {Shamkovich,
L-Osmanagic,D/Sarajevo 1963 (29)}) 12. Qh5 Nf8 13. Rhe1 {Serious attention
deserves} (13. f4 $5 f5 (13... Ng6 14. g3 O-O-O 15. f5 exf5 16. Qxf5+ Kb8 17.
Nb3 $14 {Bronstein,L-Cativelli,G/Buenos Aires Naj pr 1992 (28)}) 14. Ng5 Ng6 $5
(14... Bxg5 15. Qxg5 Ng6 16. g4 h6 17. Qf6 Qe7 18. Qxe7+ $14 {Minasian,A-Itkis,
B/Frunze op 1989 (39)})) 13... Ng6 14. g3 O-O-O 15. Nb3 (15. c3 $5 Kb8 16. f4
$5 f5 17. Ng5 Bxg5 18. Qxg5 c5 19. dxc5 $14 {Chandler-Kosten/Hastings A 1991/1/
2-1/2 (52)}) 15... Kb8 16. h4 (16. Kb1 $5 f5 (16... c5 17. dxc5 $1) 17. Ng5 Bf6
$6 (17... Bxg5 18. Qxg5 Qe7 19. Qe3 $1 $14 {ץb7, Ng6}) 18. f4 Qe7 19. h4 $1
Rd6 20. Qe2 $16 {|^[+] +/= Lanka,Z-Marzano,C/Cannes 1993}) 16... c5 $5 17. dxc5
(17. Qe2 $5 f5 18. Ng5 Bf6 19. dxc5 Rxd1+ 20. Rxd1 bxc5 21. Bb5 $14) 17... Ne5
18. Bf1 (18. Qe2 $5 Bxe4 19. Qxe4 Bxc5 20. Nxc5 bxc5 21. Bf1 $14) 18... Rxd1+
19. Qxd1 Rd8 20. Qh5 bxc5 $132 21. f4 (21. Qxh7 $2 f5 22. Nc3 Ng4 23. f4 Bf6
$19 {and the queen is trapped.}) 21... f5 22. Nexc5 $6 (22. Ned2 $5 $14) 22...
Bxc5 23. Rxe5 $6 (23. Nxc5 Qxc5 24. fxe5 Be4 25. Qe2 Rc8 26. c3 Qxe5 27. Qb5+
Qxb5 28. Bxb5 $11) 23... Bf2 $1 $15 24. Rb5 $6 a6 25. Rb4 Qd6 26. c3 Ka8 27.
Nd4 Qc7 $2 $13 (27... Bxg3 $1 28. Kc2 Qxf4 29. Qxf7 Be4+ 30. Bd3 Bxd3+ 31. Kxd3
Qe4+ 32. Kc4 Rxd4+ $1 $19) 1/2-1/2

[Event "RUS-Cup final"]
[Site "Ekaterinburg"]
[Date "1999.??.??"]
[Round "8"]
[White "Shcherbakov, Ruslan"]
[Black "Kiriakov, Petr"]
[Result "1-0"]
[WhiteElo "2559"]
[BlackElo "2564"]
[Annotator "Finkel,A"]
[PlyCount "61"]
[EventDate "1999.08.28"]
[EventType "tourn"]
[EventRounds "11"]
[EventCountry "RUS"]
[EventCategory "11"]
[SourceTitle "CBM 075"]
[Source "ChessBase"]
[SourceDate "2000.04.05"]
[SourceVersion "1"]
[SourceVersionDate "2000.04.05"]
[SourceQuality "1"]

1. e4 e6 2. d4 d5 3. Nc3 Nf6 4. Bg5 dxe4 5. Nxe4 Be7 6. Bxf6 gxf6 {Kiriakov is
probably one of the best experts in the world in this position,which is
considered comfortable for white.} 7. Qd3 $5 Nd7 (7... b6 8. O-O-O Bb7 9. Qf3 (
9. Nc3 c6 10. Qg3 (10. f4 f5 $5 (10... Qc7 11. f5 $36) 11. g4 $5 fxg4 12. f5
Qd6 $5 13. fxe6 fxe6 14. h3 $5 Nd7 $5 15. hxg4 O-O-O $11 {Magem Badals,
J-Gurevich,M/French-chT 1999 [/\16...h6]}) 10... f5 (10... Kf8 11. Qh3 h6 12.
Bc4 Qd6 13. Nge2 b5 14. Ne4 Qc7 15. Bb3 Nd7 16. f4 f5 $15 {Rainfray,A-Touzane,
O/ch-FRA (team) 1999}) 11. Nf3 Nd7 12. Bc4 Nf6 13. Ne5 Rg8 14. Qh3 b5 15. Bb3
$14 {Magem Badals,J-Herraiz,H/ESP-chT 1995}) 9... c6 10. Bc4 Na6 11. Qh5 $1 Nc7
12. Nf3 Nd5 13. Rhe1 Rf8 14. Qxh7 Qd7 15. Qh6 O-O-O 16. Kb1 $16 {Velimirovic,
D-Stamenkovic,Z/JUG-ch52 1997}) (7... f5 $5 8. Nc3 Bf6 $6 (8... c6 9. f4 Na6 $5
10. a3 Qa5 11. g3 h5 12. h3 Rg8 13. O-O-O Rb8 $5 14. Bg2 Bd7 $6 (14... h4 $5)
15. Nce2 b5 16. b4 $1 $14 {Sinz,B-Petrosian,K/Schwaebisch Gmuend op 1994 (26)})
9. O-O-O c6 10. Qe3 Qe7 11. f4 Nd7 12. Nf3 b6 13. Ne5 Bb7 14. Be2 O-O-O 15. Bf3
$1 $14 {Dworakowska,J-Radziewicz,I/POL-chJW U20 1994 (36)}) 8. O-O-O f5 9. Nc3
c6 10. Nf3 $5 {This move seems to be more in the spirit of the position,than} (
10. g4 $5 fxg4 11. h3 gxh3 12. Bxh3 Qc7 13. Nf3 b6 14. Kb1 Bb7 15. Ne5 $1 $44 {
and white's intiative is sufficient only for equality; Velimirovic,D-Andersson,
U/Bar 1997}) 10... Qc7 11. Qe3 Rg8 12. Kb1 Nf6 13. h3 $5 {[%cal Gf3e5]
Preparing Ne5} (13. Ne5 Ng4 14. Nxg4 Rxg4 15. h3 Rg7 16. g3 Bd7 17. Ne2 O-O-O
18. Bg2 $14) 13... b5 $5 ({Black doesn't like passive defence,which whould
expect him in case of} 13... Bd7 14. Ne5 {[%csl Rf7]} Rf8 15. g4 O-O-O 16. gxf5
exf5 17. Bg2 $14) 14. Ne5 b4 15. Na4 Nd5 16. Qb3 Rb8 (16... Bb7 17. g3 Rc8 18.
Bc4 $14) 17. g4 c5 (17... f4 18. Bc4) 18. Bc4 $5 cxd4 19. Rhe1 $1 $36 {[%cal
Ge1e8,Gc4d5] White correctly estimates the consequances of arising
complications.} fxg4 ({This move was most natural reaction of black,but also
in this case white keeps better chanses.} 19... Nc3+ $5 20. bxc3 bxc3 21. Bb5+
Kf8 22. Nc6 $6 (22. Ka1 $6 a6 $5 (22... Bd6 23. Nc6 Rb7 24. Qc4 $16) 23. Qc4
Qd6 24. Rxd4 axb5 25. Qxc3 Qa3 $132) (22. Rxd4 $1 a6 23. Rc4 Qd8 (23... Qd6 24.
Nb6 $1 $18) 24. Rxc8 (24. Nc6 $2 Qd2) 24... Qxc8 25. Nd7+ Kg7 26. Nxb8 axb5 27.
Nxc3 Qxb8 28. gxf5 $16) 22... Rb7 23. Rxd4 a6 24. Nxc3 Bf6 25. Rc4 axb5 26.
Nxb5 $13) 20. Bxd5 exd5 21. hxg4 Be6 $2 ({Deserved attention} 21... Bxg4 $1 22.
Nxg4 Rxg4 23. Qxd5 Kf8 24. Rxd4 Rg6 $13 {[%csl Ra4] with unclear position.})
22. f4 {[%cal Gf4f5]} Bd6 (22... f6 23. Ng6 $1 Rxg6 24. Rxe6 Qxf4 25. Rde1 Rg7
26. Nc5 $1 $16 {[%cal Gb3a4]}) 23. Nf3 $1 Bxf4 24. Nxd4 Kd7 $8 {[%csl Re6]} (
24... Qd6 $2 25. Nxe6 fxe6 26. Rxd5 $18) (24... Rg6 $6 25. Qxd5 Rd8 26. Nxe6 $1
fxe6 27. Rxe6+ Rxe6 28. Qxe6+ $18) 25. Qf3 Qd6 $6 {Missing white's reply,but
also in case of strongest} (25... Rbc8 26. c4 $1 bxc3 27. Nxc3 Rg5 28. Ndb5 $16
{black is in troubles.}) 26. Nf5 $1 $18 Bxf5 (26... Qc7 27. Rxd5+ Bxd5 28.
Qxd5+ Kc8 29. Ne7+ $18) 27. Rxd5 Be6 28. Nc5+ Ke7 29. Rxd6 Bxd6 30. Nxe6 fxe6
31. Qe3 1-0

[Event "North Sea Cup 15th"]
[Site "Esbjerg"]
[Date "2000.07.10"]
[Round "4"]
[White "Svidler, Peter"]
[Black "Gurevich, Mikhail"]
[Result "1/2-1/2"]
[WhiteElo "2689"]
[BlackElo "2667"]
[Annotator "Finkel,A"]
[PlyCount "39"]
[EventDate "2000.07.07"]
[EventType "tourn"]
[EventRounds "9"]
[EventCountry "DEN"]
[EventCategory "14"]
[SourceTitle "CBM 078"]
[Source "ChessBase"]
[SourceDate "2000.10.18"]
[SourceVersion "1"]
[SourceVersionDate "2000.10.18"]
[SourceQuality "1"]

1. e4 e6 2. d4 d5 3. Nc3 Nf6 4. Bg5 dxe4 5. Nxe4 Be7 6. Bxf6 Bxf6 7. Nf3 Nd7 8.
Bc4 a6 $5 (8... b6 9. d5 $6 Ne5 10. Nxe5 Bxe5 11. O-O $2 Bxh2+ 12. Kxh2 Qh4+
13. Kg1 Qxe4 $17 {Jackova,J-Nguyen Thi Dung Than/WchJW-U12 1994}) (8... Be7 9.
Qe2 Nb6 (9... c6 10. O-O-O Qc7 11. Kb1 b6 12. h4 h6 13. Ng3 $14 {Short,
N-Nikolaiczuk,L/Dortmund 1986}) 10. Bb3 a5 11. a3 Bd7 12. Ne5 a4 13. Ba2 O-O
14. O-O Ra5 15. Rad1 $14 {Cvicela,A-Sladecek,J/SVK-chT3a 9697}) (8... O-O 9.
Qe2 (9. O-O Be7 10. Qe2 a6 11. Rad1 b5 12. Bb3 Bb7 13. d5 $14 {Renet,
O-Gurevich,M/Linares zt 1995}) 9... c5 (9... a6 10. O-O-O b5 11. Bb3 Bb7 12. d5
e5 13. Rhe1 Be7 14. d6 cxd6 15. Nxd6 $16 {Kindermann,S-Roth,P/Vienna Bawag 1996
}) 10. O-O-O Qb6 11. Nxf6+ Nxf6 12. dxc5 Qxc5 13. Ne5 Rb8 14. Rhe1 b5 15. Bd3
b4 16. g4 $36 {Magem Badals,J-Dizdar,G/Erevan olm 1996}) 9. Qe2 $5 b5 $5 {
Deciding to take the risk.It was possible to play} (9... O-O $5 10. O-O-O b5
11. Bb3 Bb7 12. Rhe1 Bd5 $13 {with mutual chanses.}) 10. Bd5 $5 {Trying to
prevent c5,which would solve all opening problems for black.} Rb8 (10... exd5
$2 11. Nxf6+ Kf8 12. Nxd5 Bb7 13. Ne3 $16) 11. O-O-O O-O 12. Bc6 Rb6 $1 ({
Not enough for equality is} 12... Bb7 $6 13. Bxb7 (13. d5 $1 exd5 14. Bxb7 Rxb7
(14... dxe4 15. Bxe4 (15. Qxe4 Bxb2+ $1 16. Kxb2 Qf6+ 17. c3 Nc5 18. Qc6 Nxb7
19. Qxf6 gxf6 $15) 15... Rb6 16. Bxh7+ Kxh7 17. Qd3+ g6 18. Qxd7 $16) 15. Rxd5
c6 16. Rd6 Qc8 (16... Qc7 $6 17. Rhd1 $16) 17. Rhd1 Re8 18. Qd3 $14) 13... Rxb7
14. Ne5 $5 $14) 13. d5 (13. Nxf6+ Nxf6 14. Ne5 Nd5 $11 {[%cal Gf7f6]}) 13...
exd5 14. Bxd5 c6 15. Bb3 c5 $1 16. Bd5 ({White can't take the pawn on c5
because of} 16. Nxc5 $6 Bxb2+ $1 17. Kxb2 Qf6+ 18. Rd4 Nxc5 19. Qe5 Nxb3 20.
Qxf6 Rxf6 21. axb3 Bb7 $15 {and black has better prospects in the endgame.})
16... Qc7 17. Rhe1 Bd8 $5 (17... Bb7 $6 18. Bxb7 Rxb7 19. Rxd7 Qxd7 20. Nxc5
$16) 18. Neg5 Bxg5+ 19. Nxg5 Nf6 20. Qe5 $11 1/2-1/2